| 000 | 00761 a2200169 4500 | ||
|---|---|---|---|
| 003 | Nust | ||
| 005 | 20221205091211.0 | ||
| 040 | _cNust | ||
| 082 | _a150.72,KER | ||
| 100 |
_aKerlinger ,Fred.N _937076 |
||
| 245 |
_aFoundations of Behavioral Research / _cFred N. Kerlinger |
||
| 260 |
_aIslamabad _bNational Book Foundation |
||
| 300 | _axix,739 p.; | ||
| 505 | _a The Languages and Approach of Science (Page-3), Sets Relation and Variables (Page-67), Probability and Statically Inference (Page-117), Designs of Research (Page-275), Types of Research (Page-359), Measurements (Page-411), Methods of Observation and Data a Collection (Page-467), Analysis and Interpretation (Page-603). | ||
| 650 |
_aBehavioral Research _964642 |
||
| 942 |
_2ddc _cBK _k150.72,KER |
||
| 999 |
_c176915 _d176915 |
||